| 000 | 00820cam a22002893a 4500 | ||
|---|---|---|---|
| 001 | 4039 | ||
| 003 | PGUSA | ||
| 005 | 20140828083046.0 | ||
| 008 | 030501s2003||||xxu|||||s|||||000 | eng d | ||
| 040 |
_aPGUSA _beng |
||
| 042 | _adc | ||
| 050 | 4 | _aPR | |
| 100 | 1 |
_aJonson, Ben, _d-1637 |
|
| 245 | 1 | 0 |
_aVolpone; Or, The Fox _h[electronic resource] / _cBen Jonson |
| 260 |
_bProject Gutenberg, _c2003 |
||
| 506 | _aPublic domain in the USA. | ||
| 516 | _aElectronic text | ||
| 653 | _aVenice (Italy) -- Drama | ||
| 653 | _aInheritance and succession -- Drama | ||
| 653 | _aSatire, English | ||
| 653 | _aEnglish drama (Comedy) | ||
| 653 | _aEnglish drama -- 17th century | ||
| 653 | _aExtortion -- Drama | ||
| 830 | 0 |
_aProject Gutenberg _v4039 |
|
| 856 | 4 | 0 | _uhttp://www.gutenberg.org/ebooks/4039 |
| 942 | _cEB | ||
| 999 |
_c233368 _d233368 |
||